[Event "Goiania Gomes Memorial"]
[Site "Goiania"]
[Date "2013.12.07"]
[Round "7"]
[White "De Miranda, Alexandre Pinto"]
[Black "Bernardes, Rafael Esteves"]
[Result "1-0"]
[WhiteElo "2098"]
[BlackElo "1986"]
[PlyCount "105"]
[EventDate "2013.11.30"]
[EventType "tourn"]
[EventRounds "9"]
[EventCountry "BRA"]
[SourceTitle "EXT 2015"]
[Source "ChessBase"]
[SourceDate "2014.11.20"]
[SourceVersion "1"]
[SourceVersionDate "2014.11.20"]
[SourceQuality "1"]

1. d4 Nf6 2. g3 g6 3. Bg2 d5 4. c4 dxc4 5. Qa4+ Nfd7 6. Qxc4 Nb6 7. Qb5+ N8d7 8. Nf3 Bg7 9. 0-0 0-0 10. Nc3 c6 11. Qd3 e5 12. Bg5 f6 13. Be3 f5 14. dxe5 Nxe5 15. Nxe5 Bxe5 16. Qc2 Be6 17. Bc5 Re8 18. Rfd1 Qf6 19. f4 Bxc3 20. bxc3 Bd5 21. Bxb6 axb6 22. Bxd5+ cxd5 23. Rxd5 Qe6 24. Re5 Qc4 25. Qd3 Qxd3 26. Rxe8+ Rxe8 27. exd3 Re2 28. a4 Rc2 29. Ra3 Rb2 30. a5 b5 31. a6 bxa6 32. Rxa6 Rc2 33. Ra3 Kf7 34. Rb3 Ke6 35. Rxb5 Rxc3 36. Re5+ Kd6 37. Re8 Kc5 38. Re7 Rxd3 39. Rxh7 Rd2 40. Rg7 Kd6 41. Rxg6+ Kd5 42. Ra6 Ke4 43. Ra3 Rb2 44. h4 Rc2 45. h5 Rb2 46. Ra6 Kf3 47. Rg6 Rg2+ 48. Kh1 Ra2 49. h6 Ra1+ 50. Kh2 Ra2+ 51. Kh3 Ra1 52. Kh4 Rg1 53. Rg7 1-0

[Event "Goiania Gomes Memorial"]
[Site "Goiania"]
[Date "2013.11.30"]
[Round "1"]
[White "Rezende, Guilherme Vilela"]
[Black "Bernardes, Rafael Esteves"]
[Result "1-0"]
[WhiteElo "2129"]
[BlackElo "1986"]
[PlyCount "99"]
[EventDate "2013.11.30"]
[EventType "tourn"]
[EventRounds "9"]
[EventCountry "BRA"]
[SourceTitle "EXT 2015"]
[Source "ChessBase"]
[SourceDate "2014.11.20"]
[SourceVersion "1"]
[SourceVersionDate "2014.11.20"]
[SourceQuality "1"]

1. d4 Nf6 2. c4 g6 3. Nf3 Bg7 4. g3 d5 5. cxd5 Nxd5 6. Bg2 Nb6 7. 0-0 Nc6 8. e3 0-0 9. Nc3 a5 10. b3 e5 11. Ba3 Re8 12. Nxe5 Nxe5 13. dxe5 Bxe5 14. Qc2 Bf5 15. e4 Bg4 16. h3 Be6 17. Rad1 Qc8 18. f4 Bf6 19. g4 Bd7 20. e5 Bg7 21. Ne4 a4 22. Bc5 axb3 23. axb3 Bb5 24. Rfe1 Nd7 25. Bd4 Ra6 26. Rc1 Bc6 27. Ng5 Nf8 28. Qc4 Ne6 29. Nxe6 fxe6 30. b4 Bxg2 31. Kxg2 Qd7 32. Bf2 Rc6 33. Qb5 Qd5+ 34. Qxd5 exd5 35. b5 Rxc1 36. Rxc1 Re7 37. Bh4 Rf7 38. e6 Rxf4 39. Rxc7 Rf8 40. Rxb7 Re8 41. e7 Kf7 42. Rd7 h6 43. b6 g5 44. Bg3 Ke6 45. Rc7 Bd4 46. b7 Ba7 47. Bf2 Bb8 48. Rc8 Kxe7 49. Rxe8+ Kxe8 50. Bg3 1-0

[Event "Goiania-ch Phase 04 "]
[Site "Goiania"]
[Date "2013.11.09"]
[Round "4"]
[White "Bernardes, Rafael Esteves"]
[Black "Rosa, Joao Paulo"]
[Result "1-0"]
[WhiteElo "2011"]
[BlackElo "1547"]
[PlyCount "117"]
[EventDate "2013.11.08"]
[EventType "swiss"]
[EventRounds "6"]
[EventCountry "BRA"]
[SourceTitle "EXT 2016"]
[Source "ChessBase"]
[SourceDate "2015.10.08"]
[SourceVersion "1"]
[SourceVersionDate "2015.10.08"]
[SourceQuality "1"]

1. d4 d5 2. c4 e6 3. Nf3 Nf6 4. g3 Be7 5. Bg2 0-0 6. 0-0 Nbd7 7. Nc3 b6 8. Ne5 Bb7 9. cxd5 Nxe5 10. dxe5 Nxd5 11. Nxd5 Bxd5 12. Bf4 Bxg2 13. Kxg2 Qxd1 14. Rfxd1 Rfd8 15. Kf3 g6 16. Be3 Rd5 17. Rxd5 exd5 18. a3 Bf8 19. Rd1 Rd8 20. Bg5 Rd7 21. b4 Bg7 22. Bf4 h6 23. g4 Kf8 24. b5 Ke7 25. Rc1 Ke6 26. Rc6+ Ke7 27. h4 d4 28. Ke4 Kd8 29. g5 hxg5 30. Bxg5+ Ke8 31. Bd2 Re7 32. f4 Bf8 33. a4 Rd7 34. f5 d3 35. e3 gxf5+ 36. Kxf5 Bc5 37. h5 Kf8 38. e6 Rd5+ 39. Kg4 Bd6 40. exf7 Kxf7 41. Rc4 Kf6 42. e4 Re5 43. Bc3 d2 44. Bxd2 Rc5 45. Rxc5 bxc5 46. Bc3+ Kf7 47. Kf5 Bf8 48. Bd2 c4 49. e5 Bg7 50. a5 Bh8 51. a6 Bg7 52. Be3 c3 53. e6+ Kg8 54. h6 Bf8 55. Kg6 Ba3 56. e7 Bxe7 57. h7+ Kh8 58. Bd4+ Bf6 59. Bxf6# 1-0

[Event "Goiania-ch Phase 04 "]
[Site "Goiania"]
[Date "2013.11.08"]
[Round "1"]
[White "Bernardes, Rafael Esteves"]
[Black "Rosa, Paulo Estevao"]
[Result "0-1"]
[WhiteElo "2011"]
[BlackElo "1580"]
[PlyCount "104"]
[EventDate "2013.11.08"]
[EventType "swiss"]
[EventRounds "6"]
[EventCountry "BRA"]
[SourceTitle "EXT 2016"]
[Source "ChessBase"]
[SourceDate "2015.10.08"]
[SourceVersion "1"]
[SourceVersionDate "2015.10.08"]
[SourceQuality "1"]

1. d4 d5 2. c4 e6 3. Nf3 Nf6 4. g3 b6 5. Bg2 Bb7 6. Ne5 Nbd7 7. Qa4 Bd6 8. Nc6 Qc8 9. 0-0 0-0 10. Nc3 a6 11. Bf4 Re8 12. Ne5 c5 13. Nxd7 Nxd7 14. Bxd6 cxd4 15. Nb1 Bc6 16. Qd1 dxc4 17. Qxd4 Bxg2 18. Kxg2 Qc6+ 19. Kg1 Rad8 20. Ba3 b5 21. Qd6 Qb7 22. Rd1 a5 23. b4 Nf8 24. Qxd8 Rxd8 25. Rxd8 Qe7 26. Rb8 axb4 27. Nc3 bxa3 28. Nxb5 g6 29. Rc1 Qb4 30. Rc3 Qb1+ 31. Kg2 Qxa2 32. Nxa3 Qxe2 33. Rc8 Qe4+ 34. Rf3 Qb7 35. Rxc4 Nd7 36. Rcf4 Ne5 37. Nc4 Nxf3 38. Rxf3 Qd5 39. Ne3 Qe4 40. g4 f5 41. Kg3 e5 42. gxf5 g5 43. f6 h5 44. Rf5 Kf7 45. h3 Qh1 46. Rxg5 Qg1+ 47. Ng2 h4+ 48. Kf3 Qd1+ 49. Ke4 Qd4+ 50. Kf3 e4+ 51. Kf4 e3+ 52. Kf3 exf2 0-1

[Event "Goiania Regional Center East"]
[Site "Goiania"]
[Date "2013.09.21"]
[Round "3"]
[White "Bernardes, Rafael Esteves"]
[Black "Valente, Fernando Cesar"]
[Result "1-0"]
[WhiteElo "2016"]
[BlackElo "1471"]
[PlyCount "29"]
[EventDate "2013.09.20"]
[EventType "swiss"]
[EventRounds "6"]
[EventCountry "BRA"]
[SourceTitle "EXT 2016"]
[Source "ChessBase"]
[SourceDate "2015.10.08"]
[SourceVersion "1"]
[SourceVersionDate "2015.10.08"]
[SourceQuality "1"]

1. d4 d6 2. c4 e5 3. Nf3 Nd7 4. Nc3 Ngf6 5. e4 Be7 6. Be2 0-0 7. 0-0 exd4 8. Nxd4 Nc5 9. Bf3 a5 10. Be3 c6 11. Nb3 Nfd7 12. Qc2 Nxb3 13. axb3 Bf6 14. Rfd1 Nc5 15. Bxc5 1-0

[Event "Goiania zt"]
[Site "Goiania"]
[Date "2013.06.07"]
[Round "1"]
[White "Santos, Luciano da Silva"]
[Black "Bernardes, Rafael Esteves"]
[Result "0-1"]
[WhiteElo "1899"]
[BlackElo "1992"]
[PlyCount "90"]
[EventDate "2013.06.07"]
[EventType "swiss"]
[EventRounds "6"]
[EventCountry "BRA"]
[SourceTitle "EXT 2015"]
[Source "ChessBase"]
[SourceDate "2014.11.20"]
[SourceVersion "1"]
[SourceVersionDate "2014.11.20"]
[SourceQuality "1"]

1. e4 e5 2. Nf3 Nc6 3. Bc4 Bc5 4. 0-0 d6 5. h3 Nf6 6. Re1 0-0 7. c3 a6 8. d4 Ba7 9. Bg5 Qe7 10. d5 Nb8 11. Nbd2 h6 12. Bh4 Nbd7 13. Nf1 Re8 14. Bd3 Nf8 15. Ne3 Ng6 16. Bg3 Qd8 17. Nh4 Nxh4 18. Bxh4 g5 19. Bg3 Bd7 20. Qf3 c5 21. Nf5 Bxf5 22. Qxf5 b5 23. h4 Nh5 24. Bh2 Ng7 25. Qg4 gxh4 26. Bc2 c4 27. Rf1 Qg5 28. Bd1 Rf8 29. Qd7 Bc5 30. Kh1 Ra7 31. Qc6 Qd2 32. Rb1 h3 33. gxh3 Qd3 34. Bg4 Qxe4+ 35. f3 Qg6 36. Bxe5 f5 37. Bd4 Bxd4 38. cxd4 fxg4 39. hxg4 Rxf3 40. Qc8+ Kh7 41. Rxf3 Qxb1+ 42. Kg2 Qxb2+ 43. Rf2 Qxd4 44. Rf8 Qxd5+ 45. Kg1 Qc5+ 0-1

[Event "Goiania-ch U20"]
[Site "Goiania"]
[Date "2013.05.18"]
[Round "2"]
[White "Bernardes, Rafael Esteves"]
[Black "Rosa, Paulo Estevao"]
[Result "1-0"]
[WhiteElo "2030"]
[BlackElo "1944"]
[PlyCount "145"]
[EventDate "2013.05.18"]
[EventType "swiss"]
[EventRounds "5"]
[EventCountry "BRA"]
[SourceTitle "EXT 2015"]
[Source "ChessBase"]
[SourceDate "2014.11.20"]
[SourceVersion "1"]
[SourceVersionDate "2014.11.20"]
[SourceQuality "1"]

1. d4 d5 2. c4 e6 3. Nf3 Nf6 4. g3 c6 5. Bg2 Bb4+ 6. Bd2 Be7 7. 0-0 0-0 8. b3 Ne4 9. Bc1 Nd7 10. Ne1 Ndf6 11. f3 Nd6 12. Nd2 dxc4 13. bxc4 Nf5 14. Nb3 e5 15. d5 cxd5 16. cxd5 Nxd5 17. e4 Nfe3 18. Qe2 Nxf1 19. exd5 Nxg3 20. hxg3 Qxd5 21. Bb2 Bf6 22. f4 Qe6 23. fxe5 Re8 24. Nd3 Bd8 25. Nbc5 Qg6 26. Ne4 Bb6+ 27. Ndf2 Bc7 28. Rd1 Bf5 29. Qb5 Qb6 30. Qxb6 axb6 31. Nd6 Bxd6 32. exd6 Rxa2 33. Bd4 b5 34. Bxb7 Bd7 35. Nd3 Ra3 36. Nc5 Rxg3+ 37. Kf2 Rg6 38. Nxd7 Rxd6 39. Nc5 Rb8 40. Ke3 Re8+ 41. Kd3 Red8 42. Nb3 Rg6 43. Re1 Rg3+ 44. Kc2 h6 45. Be4 Rxb3 46. Bb6 Rd6 47. Bc5 Re6 48. Kxb3 Re5 49. Bh7+ Kxh7 50. Rxe5 g5 51. Be3 Kg6 52. Rxb5 f5 53. Kc3 Kf6 54. Kd3 Kg6 55. Ke2 Kh5 56. Rxf5 Kh4 57. Kf3 g4+ 58. Kg2 g3 59. Rf4+ Kh5 60. Kxg3 Kg5 61. Rh4+ Kf5 62. Rxh6 Ke5 63. Bf4+ Kf5 64. Rh5+ Kf6 65. Kg4 Kg6 66. Rh6+ Kf7 67. Kf5 Kg7 68. Rh5 Kf7 69. Rh7+ Kg8 70. Kg6 Kf8 71. Bg5 Ke8 72. Ra7 Kf8 73. Ra8# 1-0

[Event "Goiania op"]
[Site "Goiania"]
[Date "2013.03.09"]
[Round "3"]
[White "Bernardes, Rafael Esteves"]
[Black "Okada, Dyogo Koithi"]
[Result "1-0"]
[WhiteElo "1990"]
[BlackElo "1682"]
[PlyCount "101"]
[EventDate "2013.03.08"]
[EventType "swiss"]
[EventRounds "6"]
[EventCountry "BRA"]
[SourceTitle "EXT 2015"]
[Source "ChessBase"]
[SourceDate "2014.11.20"]
[SourceVersion "1"]
[SourceVersionDate "2014.11.20"]
[SourceQuality "1"]

1. d4 Nf6 2. c4 g6 3. Nc3 Bg7 4. e4 d6 5. Be2 0-0 6. Nf3 e5 7. 0-0 Nc6 8. d5 Ne7 9. b4 Ne8 10. c5 f5 11. a4 Nf6 12. Nd2 f4 13. Ba3 g5 14. Nc4 Ng6 15. b5 dxc5 16. Bxc5 Rf7 17. d6 Bf8 18. Ba3 g4 19. dxc7 Qxc7 20. Bxf8 Nxf8 21. b6 Qc5 22. Nd6 Rg7 23. Nxc8 Rxc8 24. bxa7 f3 25. Rc1 Qxa7 26. Nb5 Qb8 27. Bc4+ Kh8 28. Bd5 Rxc1 29. Qxc1 fxg2 30. Kxg2 Ng6 31. Qc5 Nf4+ 32. Kh1 Qd8 33. Nd6 N6xd5 34. exd5 Rd7 35. Ne4 Rxd5 36. Qc3 Qd7 37. Re1 Qf5 38. Ng3 Qd3 39. Qc8+ Kg7 40. Qxg4+ Qg6 41. Qc8 Qc6 42. Qg4+ Kh8 43. f3 Rd3 44. Ne4 Qxa4 45. Nf6 Qb3 46. Rg1 Ng6 47. Qh3 Qf7 48. Qc8+ Kg7 49. Ne8+ Kg8 50. Nd6+ Qf8 51. Qc4+ 1-0

[Event "Goiania op"]
[Site "Goiania"]
[Date "2013.03.08"]
[Round "2"]
[White "Bernardes, Rafael Esteves"]
[Black "De Paula, Rafael Figueiredo"]
[Result "0-1"]
[WhiteElo "1990"]
[BlackElo "2167"]
[PlyCount "56"]
[EventDate "2013.03.08"]
[EventType "swiss"]
[EventRounds "6"]
[EventCountry "BRA"]
[SourceTitle "EXT 2015"]
[Source "ChessBase"]
[SourceDate "2014.11.20"]
[SourceVersion "1"]
[SourceVersionDate "2014.11.20"]
[SourceQuality "1"]

1. d4 Nf6 2. c4 e6 3. Nf3 b6 4. g3 Ba6 5. Qa4 c5 6. Bg2 Bb7 7. dxc5 bxc5 8. 0-0 Be7 9. Nc3 0-0 10. Bf4 d6 11. Rfd1 Qb6 12. Rab1 Rd8 13. b4 Ne4 14. Nxe4 Bxe4 15. Rb2 Nc6 16. a3 cxb4 17. axb4 a5 18. Be3 Qc7 19. bxa5 Rxa5 20. Qb3 Rb8 21. Bb6 Qc8 22. Qe3 f5 23. Bxa5 Rxb2 24. Bc3 Ra2 25. Ne1 Bxg2 26. Nxg2 Ra4 27. Nf4 Rxc4 28. Nxe6 Re4 0-1

[Event "Goiania IRT 2nd"]
[Site "Goiania"]
[Date "2012.07.30"]
[Round "8"]
[White "Bernardes, Rafael Esteves"]
[Black "De Paula, Rafael Figueiredo"]
[Result "0-1"]
[WhiteElo "1985"]
[BlackElo "2079"]
[PlyCount "112"]
[EventDate "2012.07.27"]
[EventType "tourn"]
[EventRounds "10"]
[EventCountry "BRA"]
[SourceTitle "EXT 2014"]
[Source "ChessBase"]
[SourceDate "2013.11.20"]
[SourceVersion "1"]
[SourceVersionDate "2013.11.20"]
[SourceQuality "1"]

1. d4 e6 2. c4 d5 3. Nc3 c6 4. Nf3 Nf6 5. Bg5 dxc4 6. e4 b5 7. e5 h6 8. Bh4 g5 9. Nxg5 hxg5 10. Bxg5 Nbd7 11. g3 Be7 12. exf6 Nxf6 13. Bg2 Qb6 14. 0-0 Bb7 15. Bxf6 Bxf6 16. Ne4 Be7 17. a4 0-0-0 18. Qc2 Kb8 19. b3 Rxd4 20. a5 Qc7 21. a6 Bc8 22. Rfc1 Qb6 23. Qb2 f5 24. Nc3 Rhd8 25. Nd1 Bf6 26. Qb1 c3 27. Nxc3 Rd2 28. Nd1 Bxa1 29. Qxa1 Qd4 30. Qxd4 R2xd4 31. Ne3 Bxa6 32. Rxc6 R4d6 33. Rc5 Rc8 34. Re5 Kc7 35. h4 Kd7 36. h5 Rh8 37. Bf3 Rd3 38. Rc5 Rxb3 39. Kg2 Rd3 40. Be2 Rd6 41. g4 b4 42. Bd1 Rxd1 43. Nxd1 Kd6 44. Ra5 Be2 45. Ne3 fxg4 46. Rxa7 Rxh5 47. Ra2 Bb5 48. Nxg4 Bc4 49. Rb2 Kc5 50. Ne3 b3 51. Kf3 Kd4 52. Rb1 Rb5 53. Nxc4 Kxc4 54. Ke2 Rd5 55. Ke3 Kc3 56. Rc1+ Kb4 0-1

[Event "Goiania IRT 2nd"]
[Site "Goiania"]
[Date "2012.07.30"]
[Round "7"]
[White "Cunha, Lucas Aguiar"]
[Black "Bernardes, Rafael Esteves"]
[Result "1-0"]
[WhiteElo "2199"]
[BlackElo "1985"]
[PlyCount "63"]
[EventDate "2012.07.27"]
[EventType "tourn"]
[EventRounds "10"]
[EventCountry "BRA"]
[SourceTitle "EXT 2014"]
[Source "ChessBase"]
[SourceDate "2013.11.20"]
[SourceVersion "1"]
[SourceVersionDate "2013.11.20"]
[SourceQuality "1"]

1. d4 Nf6 2. Bg5 Ne4 3. Bf4 c5 4. f3 Qa5+ 5. c3 Nf6 6. Nd2 cxd4 7. Nb3 Qf5 8. Qxd4 Nc6 9. Qd2 d5 10. g4 Qd7 11. 0-0-0 e5 12. Bg5 a5 13. Bxf6 gxf6 14. Qxd5 Qxd5 15. Rxd5 Be6 16. Rb5 a4 17. Nd2 Bxa2 18. Rxb7 0-0-0 19. Rb6 Kc7 20. Ra6 Bh6 21. f4 Bxf4 22. Ngf3 e4 23. Rxa4 Bb3 24. Rxe4 Ra8 25. Rxf4 Ra1+ 26. Nb1 Rd8 27. Bg2 Na5 28. Nfd2 Ba4 29. b3 Bxb3 30. Nxb3 Nxb3+ 31. Kb2 Rda8 32. Bxa8 1-0

[Event "BRA Universities op"]
[Site "Goiania"]
[Date "2012.06.14"]
[Round "4"]
[White "Almeida, Douglas de Castro"]
[Black "Bernardes, Rafael Esteves"]
[Result "1/2-1/2"]
[WhiteElo "1789"]
[BlackElo "1882"]
[PlyCount "124"]
[EventDate "2012.06.13"]
[EventType "swiss"]
[EventRounds "7"]
[EventCountry "BRA"]
[SourceTitle "CBM 149 Extra"]
[Source "ChessBase"]
[SourceDate "2012.08.24"]
[SourceVersion "1"]
[SourceVersionDate "2012.08.24"]
[SourceQuality "1"]

1. e4 e5 2. Nf3 Nc6 3. d4 exd4 4. Nxd4 Nf6 5. Nc3 Bb4 6. Nxc6 bxc6 7. Bd3 d5 8. exd5 0-0 9. 0-0 cxd5 10. Bg5 c6 11. Qf3 Be6 12. Rfe1 h6 13. Bxf6 Qxf6 14. Qxf6 gxf6 15. a3 Ba5 16. b4 Bb6 17. Na4 Bd4 18. Rad1 a5 19. Bh7+ Kxh7 20. Rxd4 axb4 21. Rxb4 Ra5 22. h3 Rg8 23. Kh2 c5 24. Rb7 Bc8 25. Rxf7+ Kg6 26. Rc7 Rxa4 27. Rxc5 Bb7 28. Rc7 Ba8 29. Re3 Kf5 30. Rce7 Rxg2+ 31. Kxg2 d4+ 32. Rf3+ Bxf3+ 33. Kxf3 Rxa3+ 34. Kg2 Rc3 35. Re2 Kf4 36. Rd2 Rc4 37. Rd3 f5 38. Rd2 h5 39. Re2 h4 40. Rd2 Ra4 41. Rd3 Ke4 42. Kf1 Rc4 43. Rd2 f4 44. Re2+ Kf3 45. Rd2 Ke4 46. Re2+ Kd5 47. Kg2 Rc3 48. Rd2 f3+ 49. Kf1 Ra3 50. Rd1 Ra2 51. Rc1 Kc4 52. Ke1 Kc3 53. Kd1 Kb2 54. Kd2 Ra3 55. Re1 Rc3 56. Re4 Rxc2+ 57. Kd3 Rxf2 58. Rxd4 Rc2 59. Rxh4 Rc3+ 60. Kd2 f2 61. Ke2 Rf3 62. Kf1 Kc2 1/2-1/2

[Event "Goiania IRT"]
[Site "Goiania"]
[Date "2012.06.10"]
[Round "9"]
[White "Bernardes, Rafael Esteves"]
[Black "De Paula, Rafael Figueiredo"]
[Result "0-1"]
[WhiteElo "1882"]
[BlackElo "2029"]
[PlyCount "46"]
[EventDate "2012.06.07"]
[EventType "tourn"]
[EventRounds "9"]
[EventCountry "BRA"]
[SourceTitle "CBM 148 Extra"]
[Source "ChessBase"]
[SourceDate "2012.06.22"]
[SourceVersion "1"]
[SourceVersionDate "2012.06.22"]
[SourceQuality "1"]

1. d4 Nf6 2. c4 c5 3. d5 e6 4. Nc3 exd5 5. cxd5 Bd6 6. e4 0-0 7. Bg5 Re8 8. f3 Nxe4 9. fxe4 Qxg5 10. Nf3 Qh6 11. Qd2 Bf4 12. Qc2 f5 13. Bd3 fxe4 14. Nxe4 d6 15. Qe2 Nd7 16. 0-0 Ne5 17. Nxe5 Bxh2+ 18. Kf2 Bxe5 19. Ke1 c4 20. Bxc4 Qh4+ 21. Kd2 Bf4+ 22. Kc3 Bg5 23. g3 Bf6+ 0-1

[Event "Goiania IRT"]
[Site "Goiania"]
[Date "2012.06.07"]
[Round "3"]
[White "Cavalcante, Diego Xavier"]
[Black "Bernardes, Rafael Esteves"]
[Result "0-1"]
[WhiteElo "1739"]
[BlackElo "1882"]
[PlyCount "98"]
[EventDate "2012.06.07"]
[EventType "tourn"]
[EventRounds "9"]
[EventCountry "BRA"]
[SourceTitle "CBM 148 Extra"]
[Source "ChessBase"]
[SourceDate "2012.06.22"]
[SourceVersion "1"]
[SourceVersionDate "2012.06.22"]
[SourceQuality "1"]

1. d4 Nf6 2. c4 g6 3. Nc3 d5 4. Qb3 dxc4 5. Qxc4 Bg7 6. Nf3 0-0 7. Bf4 Na6 8. e3 Be6 9. Qb5 Qc8 10. Bd3 c5 11. 0-0 Nb4 12. Bb1 a6 13. Qxc5 Qxc5 14. dxc5 Rac8 15. Be5 Rxc5 16. Rc1 Nc6 17. Bf4 Nd5 18. Be4 Nxf4 19. exf4 Rc8 20. Nd1 Rxc1 21. Rxc1 Bxa2 22. Ne3 Be6 23. Rc2 f5 24. Bd5 Bxd5 25. Nxd5 Rd8 26. Ne3 Kf8 27. Ng5 Nd4 28. Rc7 h6 29. Nf3 Nxf3+ 30. gxf3 b5 31. Rc6 Bxb2 32. Rxa6 Rd6 33. Ra8+ Kf7 34. Rb8 Bd4 35. Rxb5 Bxe3 36. fxe3 Rd2 37. h4 Re2 38. Rb3 Kf6 39. Rb6+ e6 40. Rb3 Rd2 41. Rc3 g5 42. fxg5+ hxg5 43. hxg5+ Kxg5 44. Rb3 Kh4 45. Kh1 Kg3 46. f4 Kf3 47. Kg1 Re2 48. Rb1 Rxe3 49. Rf1+ Kg3 0-1

[Event "Goiania IRT"]
[Site "Goiania"]
[Date "2012.06.07"]
[Round "1"]
[White "Meirelles, Alexandre de Paula"]
[Black "Bernardes, Rafael Esteves"]
[Result "0-1"]
[WhiteElo "1906"]
[BlackElo "1882"]
[PlyCount "60"]
[EventDate "2012.06.07"]
[EventType "tourn"]
[EventRounds "9"]
[EventCountry "BRA"]
[SourceTitle "CBM 148 Extra"]
[Source "ChessBase"]
[SourceDate "2012.06.22"]
[SourceVersion "1"]
[SourceVersionDate "2012.06.22"]
[SourceQuality "1"]

1. d4 Nf6 2. c4 g6 3. Nc3 d5 4. Qb3 dxc4 5. Qxc4 Bg7 6. Nf3 0-0 7. e4 Na6 8. Be2 c5 9. 0-0 cxd4 10. Nxd4 Nxe4 11. Be3 Nd6 12. Qd5 Nc7 13. Qb3 Ne6 14. Ncb5 Nxb5 15. Nxb5 a6 16. Rfd1 Qe8 17. Nc3 b5 18. Bf3 Rb8 19. Nd5 Bb7 20. Rac1 Kh8 21. Ba7 Ra8 22. Bb6 Rb8 23. Ba7 Ra8 24. Bb6 Be5 25. Nc7 Bxc7 26. Bxb7 Bxb6 27. Bxa8 Qxa8 28. Qc3+ Kg8 29. Rd3 Nf4 30. Rd7 Qxg2# 0-1

[Event "Goiania University"]
[Site "Goiania"]
[Date "2012.05.19"]
[Round "2"]
[White "Bernardes, Rafael Esteves"]
[Black "Sergio Filho, Claudio Santos"]
[Result "1-0"]
[WhiteElo "1882"]
[BlackElo "1920"]
[PlyCount "43"]
[EventDate "2012.05.19"]
[EventType "tourn"]
[EventRounds "5"]
[EventCountry "BRA"]
[SourceTitle "EXT 2014"]
[Source "ChessBase"]
[SourceDate "2013.11.20"]
[SourceVersion "1"]
[SourceVersionDate "2013.11.20"]
[SourceQuality "1"]

1. d4 Nf6 2. c4 g6 3. Nc3 Bg7 4. e4 d6 5. Be2 0-0 6. Nf3 e5 7. 0-0 Nc6 8. d5 Ne7 9. b4 Nh5 10. Re1 Nf4 11. Bf1 a5 12. bxa5 Rxa5 13. Nd2 c5 14. a4 g5 15. Ra3 Neg6 16. Nb5 f5 17. g3 fxe4 18. gxf4 gxf4 19. Nxe4 Ra6 20. Bh3 Qh4 21. Bxc8 Rxc8 22. Nbxd6 1-0

[Event "Goiania op"]
[Site "Goiania"]
[Date "2012.03.09"]
[Round "1"]
[White "Bernardes, Rafael Esteves"]
[Black "Bocca, Edson Ricardo"]
[Result "1-0"]
[WhiteElo "1887"]
[BlackElo "1756"]
[PlyCount "79"]
[EventDate "2012.03.09"]
[EventType "swiss"]
[EventRounds "6"]
[EventCountry "BRA"]
[SourceTitle "CBM 147 Extra"]
[Source "ChessBase"]
[SourceDate "2012.04.24"]
[SourceVersion "1"]
[SourceVersionDate "2012.04.24"]
[SourceQuality "1"]

1. d4 d5 2. c4 dxc4 3. e4 e6 4. Bxc4 Be7 5. Nf3 Nf6 6. Nc3 Bb4 7. Qc2 0-0 8. 0-0 Be7 9. Rd1 c6 10. Bf4 Nfd7 11. d5 cxd5 12. exd5 e5 13. Nxe5 Nxe5 14. Bxe5 Bd6 15. Bxd6 Qxd6 16. Nb5 Qc5 17. d6 Nd7 18. Rac1 Kh8 19. Nc7 Rb8 20. Rd5 Qb6 21. Qe2 Nf6 22. Qe7 Bd7 23. Rd2 a6 24. Bxf7 Qb4 25. Re2 Qf4 26. Rc4 Qf5 27. h3 Qb1+ 28. Kh2 Qxa2 29. Ne6 Bxe6 30. Qxe6 b5 31. Rc7 Qxe6 32. Bxe6 Ne8 33. Rc6 Rd8 34. d7 Nf6 35. Rc8 g6 36. Rec2 Kg7 37. Rxd8 Rxd8 38. Rc8 Rxd7 39. Bxd7 Nxd7 40. Rc7 1-0

[Event "Goiania op"]
[Site "Goiania"]
[Date "2012.03.09"]
[Round "2"]
[White "Bernardes, Rafael Esteves"]
[Black "Wilhelms, Diego Lima"]
[Result "0-1"]
[WhiteElo "1887"]
[BlackElo "2170"]
[PlyCount "56"]
[EventDate "2012.03.09"]
[EventType "swiss"]
[EventRounds "6"]
[EventCountry "BRA"]
[SourceTitle "CBM 147 Extra"]
[Source "ChessBase"]
[SourceDate "2012.04.24"]
[SourceVersion "1"]
[SourceVersionDate "2012.04.24"]
[SourceQuality "1"]

1. d4 d5 2. c4 c6 3. Nf3 Nf6 4. e3 Bg4 5. Qb3 Qb6 6. Nc3 e6 7. Be2 Nbd7 8. c5 Qc7 9. Qc2 e5 10. b4 Be7 11. 0-0 0-0 12. a4 Rfe8 13. b5 Bf8 14. a5 e4 15. b6 Qd8 16. Nd2 Bxe2 17. Nxe2 axb6 18. cxb6 Bd6 19. h3 Re6 20. Nb3 Nh5 21. Nc5 Rg6 22. f4 exf3 23. Rxf3 Nxc5 24. dxc5 Qg5 25. Nd4 Bxc5 26. Rf5 Qg3 27. Rxh5 Qe1+ 28. Kh2 Bd6+ 0-1

[Event "BRA-ch Amateur"]
[Site "Goiania"]
[Date "2012.02.19"]
[Round "3"]
[White "Rezende, Guilherme Vilela"]
[Black "Bernardes, Rafael Esteves"]
[Result "1-0"]
[WhiteElo "2036"]
[BlackElo "1870"]
[PlyCount "159"]
[EventDate "2012.02.18"]
[EventType "swiss"]
[EventRounds "7"]
[EventCountry "BRA"]
[SourceTitle "CBM 147 Extra"]
[Source "ChessBase"]
[SourceDate "2012.04.24"]
[SourceVersion "1"]
[SourceVersionDate "2012.04.24"]
[SourceQuality "1"]

1. c4 c5 2. Nf3 g6 3. d4 cxd4 4. Nxd4 Bg7 5. e4 Nc6 6. Nxc6 bxc6 7. Be2 d6 8. 0-0 Nf6 9. Nc3 0-0 10. Be3 Rb8 11. Rb1 Qa5 12. h3 Rd8 13. f4 Rb7 14. Qe1 d5 15. cxd5 cxd5 16. Nxd5 Qxe1 17. Nxf6+ Bxf6 18. Rfxe1 Bxb2 19. Ba6 Rb4 20. Bxc8 Rxc8 21. Re2 Rcb8 22. Kf2 Bd4 23. Rxb4 Bxe3+ 24. Rxe3 Rxb4 25. Ra3 Rb7 26. Rb3 Rc7 27. Ke3 h5 28. g3 Kg7 29. Kd4 f6 30. a4 Kf7 31. f5 e6 32. g4 hxg4 33. hxg4 gxf5 34. gxf5 Ke7 35. Rb5 Kd6 36. fxe6 Kxe6 37. a5 Rd7+ 38. Kc4 Rc7+ 39. Kd4 Rd7+ 40. Kc4 Rc7+ 41. Kb4 Rd7 42. Rc5 Rb7+ 43. Kc4 Kd6 44. Rf5 Ke6 45. Kc5 Rd7 46. Rh5 Rb7 47. Rd5 Rb1 48. Rd8 Ke7 49. Ra8 Rb7 50. Kc6 Rd7 51. a6 Rd6+ 52. Kb5 Rd7 53. Rb8 Kd6 54. Rf8 Ke7 55. Rh8 Ke6 56. Kc6 Rd6+ 57. Kb7 Rd7+ 58. Kb8 Kd6 59. Rc8 Re7 60. Rc4 Rh7 61. Rb4 Re7 62. Rb5 Kc6 63. Rb7 Rxe4 64. Kxa7 Ra4 65. Rb6+ Kc7 66. Rxf6 Rb4 67. Rf3 Rb1 68. Rc3+ Kd7 69. Ka8 Rb6 70. a7 Rb1 71. Rh3 Kc8 72. Rh8+ Kc7 73. Rb8 Ra1 74. Rb3 Kc8 75. Rc3+ Kd7 76. Rb3 Kc8 77. Rb5 Kc7 78. Rb4 Kc8 79. Rc4+ Kd8 80. Kb7 1-0